000
00304nam a22001217a 4500
008
180427b xxu||||| |||| 00| 0 eng d
041
_a
eng
080
_a
043.3
100
_a
0
101
_a
SHKI-BTH
245
_a
Krahasimi i sistemeve operative (Windows 8 dhe Linux Ubuntu)
_c
Ferizi,F
942
_2
udc
_c
BK
999
_c
45659
_d
45659